Countries from the U.S invasion of Grenada - Statistics

General Stats
  • This quiz has been taken 595 times
  • The average score is 8 of 10
Answer Stats
Answer % Correct
United States of America
93%
Barbados
86%
Dominica
86%
Antigua and Barbuda
85%
Saint Kitts and Nevis
85%
Saint Lucia
84%
Cuba
83%
Saint Vincent and the Grenadines
83%
Jamaica
81%
Grenada
80%
No matching quizzes found
Score Distribution
Percent of People with Each Score
Percentile by Number Answered
Your Score History
You have not taken this quiz